| 000 | 00560nam a22002057a 4500 | ||
|---|---|---|---|
| 003 | OSt | ||
| 005 | 20220107122743.0 | ||
| 008 | 140522b xxu||||| |||| 00| 0 eng d | ||
| 020 | _a9788177227116 | ||
| 040 | _cIIITM-K | ||
| 082 | _a005.14 PRA/I | ||
| 100 |
_aPrasad, K.V.K.K _94817 |
||
| 245 |
_aISTQB certification study guide _cby K.V.K.K Prasad |
||
| 260 |
_aNew Delhi, _bDreamtech Press, _c2013. |
||
| 300 | _axvi, 423p. | ||
| 650 |
_aCOMPUTER SCIENCE _94818 |
||
| 650 |
_aCOMPUTER SOFTWARE _94819 |
||
| 650 |
_aSOFTWARE TESTING _94820 |
||
| 942 |
_2ddc _cBK |
||
| 999 |
_c4049 _d4049 |
||